000 00731nam a2200241Ia 4500
003 OSt
005 20220930064512.0
006 a|||||r|||| 00| 0
007 ta
008 220926b |||||||| |||| 00| 0 eng d
024 _a4304
037 _cTheses
040 _aCRL
_cCRL
_beng
041 _2eng
_aeng
100 _aGupta Urmi B.
_9524548
110 _aUniversity of Delhi. Faculty of Arts. Department of Sanskrit
245 0 _aStage directions, properties and stage setting in sanskrit dramas. (From beginning to 10th Century A D)t
260 _c1982
650 _aSANSKRIT
700 _aUniversity of Delhi. Faculty of Arts. Department of Sanskrit
942 _cDIS
_2CC
999 _c858272
_d858272